Word Ladder: Sporcle Snorkel Quiz Stats

Quiz Updated Oct 9, 2015

Challenge
Share
Tweet
Embed
Score 0/31 Timer 03:00
0 Plays Today
Hint 4-Letter Word % Correct
What you do at a poolSWIM
97.7%
On a plane, you probably want window or aisleSEAT
96.1%
Substance that usually makes up a beachSAND
96.1%
Plunge into the pool from a boardDIVE
95.2%
First half of a doorbell noiseDING
95%
Didn't floatSANK
94.8%
MailedSENT
94.8%
A popular button on FacebookLIKE
94.7%
The 'L' in SNLLIVE
94.6%
____ Shady (Eminem)SLIM
94.4%
Scuba diver's oxygen containerTANK
94.2%
What you're taking right nowQUIZ
94%
Michigan or Tahoe, e.g.LAKE
92.9%
Give upQUIT
92.5%
EatDINE
92.2%
Smack (like a fly)SWAT
91.7%
Hint 4-Letter Word % Correct
Orange drink mixTANG
90.5%
Gosh darn!DANG
90.1%
____ but not leastLAST
90.1%
'____ One Your Love' by Stevie WonderSEND
90.1%
Long narrow openingSLIT
90%
Birthday ____SUIT
87.9%
Sporcle category: ____ For FunJUST
87.1%
Lascivious desireLUST
86.7%
Video, board, and card ____s all have Sporcle subcategoriesGAME
85.3%
Large quick gulpSWIG
83.6%
What clueless teens think they haveSWAG
83.4%
Shiny fabricLAMÉ
80.7%
Zap with an intense beamLASE
74.5%
Be a couch potatoLAZE
73.9%
Medusa's weaponGAZE
71%

Today's Daily Dose

Missing Word
Actress of Thrones

Word Ladder
Black Phrases

Quick Pick
'B' Beverages

On This Day
February 21st II

You're not logged in!

Compare scores with friends on all Sporcle quizzes.
Sign Up with Email
OR
Log In

You Might Also Like...

Show Comments

Extras

Top Quizzes Today


Score Distribution

Your Account Isn't Verified!

In order to create a playlist on Sporcle, you need to verify the email address you used during registration. Go to your Sporcle Settings to finish the process.